Lost in the forest

Bibliographic Details
Main Author: Kay G
Corporate Author: Title
Format: Book
Published: Selangor : Penerbitan PCT , 2004
Series:PCT blue readers
Subjects:

MARC

LEADER 00000cam a2200000 7i4500
001 0000004158
005 20151222.0
008 070724
020 |a 9832807344(set) 
020 |a 9832807379 
090 0 0 |a JF   |b ENG (3482) 
100 0 |a Kay G 
245 1 0 |a Lost in the forest   |c Kay G 
260 |a Selangor :   |b Penerbitan PCT ,   |c 2004 
440 |a PCT blue readers 
500 |a Children ages 7-9 years old (orange) 
650 0 |a Junior fiction   |x English   |x Languages 
710 0 |a Title 
999 |a 0000003008   |b Book   |c Children Collection   |e Cawangan Taman Universiti 
999 |a 0000003009   |b Book   |c Children Collection   |e Cawangan Taman Universiti 
999 |a 0000003010   |b Book   |c Children Collection   |e Cawangan Taman Universiti 
999 |a 0000003011   |b Book   |c Children Collection   |e Cawangan Taman Universiti 
999 |a 0000917733   |b Book   |c Children Collection   |e Cawangan Bukit Gambir 
999 |a 0000927975   |b Book   |c Children Collection   |e Cawangan Tangkak 
999 |a 0000927976   |b Book   |c Children Collection   |e Cawangan Tangkak 
999 |a 0000927977   |b Book   |c Children Collection   |e Cawangan Tangkak 
999 |a 0000972319   |b Book   |c Children Collection   |e Perbadanan Perpustakaan Awam Johor 
999 |a 0000972320   |b Book   |c Children Collection   |e Perbadanan Perpustakaan Awam Johor 
999 |a 0000972321   |b Book   |c Children Collection   |e Perbadanan Perpustakaan Awam Johor 
999 |a 0000972322   |b Book   |c Children Collection   |e Perbadanan Perpustakaan Awam Johor 
999 |a 0000972323   |b Book   |c Children Collection   |e Cawangan Pontian